000 00733nam a2200253Ia 4500
003 OSt
005 20221006153349.0
006 a|||||r|||| 00| 0
007 ta
008 221006b |||||||| |||| 00| 0 eng d
020 _a4924971197
024 _a32,118
037 _cTextual
040 _aEASL
_cEASL
_beng
041 _2eng
_aeng
082 _aV42:191.N11<-L74, P6
100 _aHIROSHI Mitani
_9663561
245 0 _aEscape from impasse
_b The decision to open Japan
260 _aJapan
_bInternational House of Japan
_c2006
300 _a332p.
_ccm.
490 _v JEL
_aLTCB International Library Trust
942 _hV42:191.N11<-L74, P6
_cTEXL
_2CC
999 _c1100204
_d1100204